Phong thủy và y học - Khoa học bảo vệ sức khỏe

Sách nghiên cứu về phong thủy và những ảnh hưởng của nó đối với sức khỏe của con người.

Uloženo v:
Podrobná bibliografie
Médium: Kniha
Jazyk:Undetermined
Vydáno: Thanh hóa Nhà xuất bản Thanh hóa 2008
Témata:
Tagy: Přidat tag
Žádné tagy, Buďte první, kdo otaguje tento záznam!
Thư viện lưu trữ: Trung tâm Học liệu Trường Đại học Cần Thơ
LEADER 00777nam a2200205Ia 4500
001 CTU_135404
008 210402s9999 xx 000 0 und d
020 |c 40000 
082 |a 133.333 
082 |b Ph431 
245 0 |a Phong thủy và y học - Khoa học bảo vệ sức khỏe 
245 0 |c Lê Giảng (Biên soạn) 
260 |a Thanh hóa 
260 |b Nhà xuất bản Thanh hóa 
260 |c 2008 
520 |a Sách nghiên cứu về phong thủy và những ảnh hưởng của nó đối với sức khỏe của con người. 
650 |a Trung tâm Học liệu ĐHCT,Feng-shui,Geomancy,Philosophy, chinese 
650 |x Phong thủy 
904 |i Giang 
980 |a Trung tâm Học liệu Trường Đại học Cần Thơ